[Event "Sachsen-ch U18"]
[Site "Sebnitz"]
[Date "2006.04.19"]
[Round "3"]
[White "Schaarschmidt, Kay"]
[Black "Zimmermann, Rene"]
[Result "1/2-1/2"]
[WhiteElo "1975"]
[BlackElo "1928"]
[PlyCount "131"]
[EventDate "2006.04.18"]
[EventType "swiss"]
[EventRounds "7"]
[EventCountry "GER"]
[SourceTitle "EXT 2007"]
[Source "ChessBase"]
[SourceDate "2006.11.23"]
[SourceVersion "1"]
[SourceVersionDate "2006.11.23"]
[SourceQuality "1"]

1. e4 e5 2. Nf3 Nc6 3. d4 exd4 4. Bc4 d6 5. Nxd4 Nxd4 6. Qxd4 Qf6 7. Qd3 Qg6 8. 0-0 Nf6 9. Nc3 Be7 10. Nb5 Bd8 11. Bd2 0-0 12. Rae1 a6 13. Nc3 b5 14. Bd5 Nxd5 15. Nxd5 c6 16. Nf4 Qf6 17. Nh5 Qh4 18. Ng3 Bc7 19. f4 Be6 20. b3 d5 21. e5 f5 22. Be3 Qe7 23. Qc3 Qd7 24. Rf3 Rad8 25. Bd4 Rb8 26. Ne2 b4 27. Qe3 Qd8 28. Rc1 Bb6 29. Bxb6 Qxb6 30. Qxb6 Rxb6 31. c3 c5 32. cxb4 cxb4 33. Nd4 Ra8 34. Rd3 a5 35. Nxe6 Rxe6 36. Rxd5 a4 37. Rb5 axb3 38. axb3 Ra2 39. Rxb4 h5 40. Rb8+ Kh7 41. Rcc8 Rb2 42. Rc3 Ra6 43. h4 Ra1+ 44. Kh2 Rf1 45. Rb4 Rbf2 46. Kg3 Re2 47. Rf3 Rg1 48. Rf2 Re3+ 49. Rf3 Re2 50. Rf2 Re3+ 51. Kh2 Rb1 52. Rf3 Ree1 53. Rc4 Rh1+ 54. Kg3 Rhe1 55. Rcc3 Rb2 56. Rf2 Rbb1 57. Rff3 Rb2 58. Kh2 Rbb1 59. Rfe3 Red1 60. e6 g5 61. fxg5 f4 62. g3 Rh1+ 63. Kg2 Rbg1+ 64. Kf2 fxe3+ 65. Rxe3 Rf1+ 66. Kg2 1/2-1/2

[Event "Sachsen-ch U18"]
[Site "Sebnitz"]
[Date "2006.04.18"]
[Round "2"]
[White "Zebisch, Paul"]
[Black "Schaarschmidt, Kay"]
[Result "1-0"]
[WhiteElo "2039"]
[BlackElo "1975"]
[PlyCount "51"]
[EventDate "2006.04.18"]
[EventType "swiss"]
[EventRounds "7"]
[EventCountry "GER"]
[SourceTitle "EXT 2007"]
[Source "ChessBase"]
[SourceDate "2006.11.23"]
[SourceVersion "1"]
[SourceVersionDate "2006.11.23"]
[SourceQuality "1"]

1. e4 e5 2. Nf3 Nc6 3. Bc4 Bc5 4. c3 Nf6 5. d4 exd4 6. cxd4 Bb4+ 7. Nc3 Nxe4 8. 0-0 Bxc3 9. d5 Bf6 10. Re1 Ne7 11. Rxe4 d6 12. Bg5 Bxg5 13. Nxg5 h6 14. Qe2 hxg5 15. Re1 Be6 16. Re3 Ng6 17. dxe6 f6 18. Qc2 Ne7 19. Rh3 Rxh3 20. gxh3 g6 21. Qc3 Nc6 22. e7 Nxe7 23. Qxf6 Kd7 24. Be6+ Kc6 25. Qc3+ Kb6 26. Qb4+ 1-0